书目信息 |
| 题名: |
预备党员培训教材
|
|
| 作者: | 本书编写组 | |
| 分册: | ||
| 出版信息: | 北京 中共中央党校出版社 2003 |
|
| 页数: | 186 | |
| 开本: | 20cm | |
| 丛书名: | ||
| 单 册: | ||
| 中图分类: | D263.19 | |
| 科图分类: | ||
| 主题词: | 中国共产党 | |
| 电子资源: | ||
| ISBN: | 7-5035-2743-9 | |
| 000 | 00493nam0 2200169 450 | |
| 001 | 0760515518 | |
| 005 | 20070817164835.51 | |
| 010 | @a7-5035-2743-9@d¥11.50 | |
| 100 | @a20070817d km y0chiy0120 ea | |
| 101 | 0 | @achi |
| 200 | 1 | @a预备党员培训教材@Ayu bei dang yuan pei xun jiao cai@f本书编写组@Fben shu bian xie zu |
| 210 | @a北京@c中共中央党校出版社@d2003 | |
| 215 | @a186@d20cm | |
| 606 | 0 | @a中国共产党 |
| 690 | @aD263.19@v3 | |
| 801 | 0 | @aCN@bPFT@c20070817 |
| 905 | @a213230@dD263.19@eg37@f1 | |
| 预备党员培训教材/本书编写组.-北京:中共中央党校出版社,2003 |
| 186;20cm |
| ISBN 7-5035-2743-9:¥11.50 |
| ● |
| 相关链接 |
|
|
|
|
正题名:预备党员培训教材
索取号:D263.19/g37
 
预约/预借
| 序号 | 登录号 | 条形码 | 馆藏地/架位号 | 状态 | 备注 |
| 1 | 6500445 | 265004452 | 密集书库-海洋学院/ [索取号:D263.19/g37] | 在馆 |